000 00791nam a2200253Ia 4500
003 OSt
005 20220925210204.0
006 a|||||r|||| 00| 0
007 ta
008 220923b |||||||| |||| 00| 0 eng d
037 _cGeneral Book
040 _aRTL
_cRTL
_beng
041 _2eng
_aeng
082 _aX.73.N6, K9
100 _aDavis Lance E, and others
_9272057
245 0 _aAmerican economic history
_b The development of a national economy
250 _a3
260 _aIllinois
_bRichard D Irwin
_c1969
300 _axiii,450p.
_ccm.
490 _aIrwin Series in economics. ed by Lloyd G Reynolds
650 _aUnited States Economic Conditions
_9230667
942 _hX.73.N6, K9
_cGB
_2CC
999 _c554359
_d554359